US States by Heritage - Statistics

General Stats
  • This quiz has been taken 44 times
  • The average score is 12 of 27
Answer Stats
Hint Answer % Correct
Cuban Florida
83%
Cajun Louisiana
80%
Mexican Texas
78%
Black Mississippi
73%
Jewish New York
73%
Chinese California
65%
French Maine
65%
Finnish Minnesota
58%
Native American Alaska
55%
Japanese Hawaii
55%
Swedish Minnesota
55%
Vietnamese California
53%
Arabic Michigan
48%
Russian New York
48%
German Wisconsin
48%
Filipino Hawaii
43%
Norwegian North Dakota
40%
Irish New Hampshire
28%
Portuguese Rhode Island
28%
Italian Connecticut
23%
Serbian Illinois
18%
Polish Wisconsin
18%
Dutch Michigan
15%
Salvadorian Maryland
13%
Scotch-Irish North Carolina
10%
Danish Utah
10%
Burmese Indiana
5%
No matching quizzes found
Score Distribution
Percent of People with Each Score
Percentile by Number Answered
Your Score History
You have not taken this quiz